| 000 | 00764cab a22001935a 4500 | ||
|---|---|---|---|
| 001 | L142669 | ||
| 008 | 080213e20080222xxkad f s 000 0 eng d | ||
| 035 | _a(Sirsi) u142669 | ||
| 041 | 0 | _aeng | |
| 100 | 1 | _aWatson, Stuart | |
| 245 | 0 | 0 | _aSurvival instincts |
| 260 | _c2008 | ||
| 490 | 0 |
_aProperty Week _v73(8) 22 February 2008, 78-80(3) |
|
| 520 | _aReports on how the abolition of rates relief on commercial properties and the credit crunch are impacting on shed developers in Britain. Concludes that the market is still thriving. Tables provide details of sales and lettings deals from the South-East and the Midlands. | ||
| 590 | _aKA | ||
| 651 | 4 |
_aGreat Britain _y1707- |
|
| 690 | _aPROPERTY-COMMERCIAL PROPERTY-COMMERCIAL PROPERTY MARKET | ||
| 942 | _n0 | ||
| 999 |
_c79906 _d79906 |
||